000
00332nam a22001337a 4500
999
_c
9200
_d
9200
003
OSt
008
201119b ||||| |||| 00| 0 eng d
100
_a
Kheterpal, S.C.
245
_a
Physical Chemistry Vol-II
250
_a
17th ed
260
_a
New Delhi
_b
Pradeep Publications
_c
2019
650
_a
B.Sc Non Medical
942
_2
ddc
_c
BK